000
00205 a2200097 4500
001
2912
100
_a
Mathews, J.C.
245
_a
Examination A commentary
260
_a
_b
George A
_c
090
_c
2205
_d
2205
942
_a
NUST-CAE
_c
M
_c
13392
999
_c
237985
_d
237985